| 000 | 00737nam a2200145Ia 4500 | ||
|---|---|---|---|
| 008 | 171212s9999 xx 000 0 und d | ||
| 020 | _a9781921666728 | ||
| 100 | _aCook, Kevin;Goodall, Heather | ||
| 245 |
_cCook, Kevin;Goodall, Heather _aMaking Change Happen _bBlack and White Activists talk to Kevin Cook about Aboriginal, Union and Liberation Politics |
||
| 260 |
_bANU E Press _c2013 |
||
| 440 | _aAboriginal History Monographs | ||
| 650 | _aHistory | ||
| 650 | _aSocial change -- Australia; Political activists -- Australia; Aboriginal Australians -- Politics and government; Australia -- Politics and government -- 20th century; Australia -- Social conditions -- 20th century | ||
| 856 | _uwww.jstor.org/stable/10.2307/j.ctt4cg5r4 | ||
| 999 |
_c351195 _d351195 |
||